Cooper Flagg Quiz - Statistics

General Stats
  • This quiz has been taken 126 times
  • The average score is 4 of 5
Answer Stats
Hint Answer % Correct
What team will draft Cooper Flagg? Dallas Mavericks
99%
Where did he go to college? Duke
97%
What number did he wear? 2
91%
Is he the best player in the draft? Yes
88%
What high school did he go to? Nokomis High School
5%
No matching quizzes found
Score Distribution
Percent of People with Each Score
Percentile by Number Answered
Your Score History
You have not taken this quiz